00402pab a2200133 454500008004000000100001600040245011100056260000900167300001500176362000800191650002100199700002000220773002800240180718b2010 xxu||||| |||| 00| 0 eng d aAraj, Bader aOpportunity, culture and agency: Influences on Fatah and Hamas strategic action during the second intifada c2010 ap.842-868. aNov aSocial movements aBrym, Robert J. aInternational Sociology